Statistiques concernant Toutes les villes ayant été capitale de la Belgique sur une carte

Cliquez ici pour prendre le quiz!

Statistiques générales

  • Ce quiz a été pris 318 fois
    (274 depuis la dernière actualisation)
  • Le résultat moyen est 9 sur 12

Réponses sur la Carte

Les réponses sont colorées sur une échelle allant du rouge au vert en fonction du pourcentage des utilisateurs qui les ont devinées à leur premier essai. Vous pouvez retrouver ces pourcentages ci-dessous.
 

Statistiques - réponses

Villes% Correct
Bruxelles
99%
Londres
97%
Paris
97%
Bruges
88%
La Haye
86%
Gand
84%
Lille
82%
Namur
77%
Louvain
66%
Malines
46%
Poitiers
34%
Sainte-Adresse
9%

Distribution des résultats

Percentile par nombre de réponses

% des personnes avec chaque résultat

Votre développement - résultats

Vous n’avez pas pris ce quiz depuis la dernière actualisation